000 00537aam a2200205 4500
005 20251120143616.0
008 150721b1995 xxu||||| |||| 00| 0 spa d
041 _aESP
082 _a363.256.2 L817t
100 _aLocles, Roberto Jorge
_95424
245 _aTrayectoria y efectos de los proyectiles en las armas cortas
260 _aArgentina
260 _bEdiciones La Rocca
260 _c1995
300 _a188 páginas
490 _aInvestigación Criminal
650 _aBALÍSTICA
650 _aPROYECTILES
942 _cBK
_2ddc
999 _c115
_d115